000 01254nam a2200265Ia 4500
999 _c40558
_d40558
001 7182
003 GE_BSU
005 20230906161715.0
008 181216s2008||||ge |||||||||||||| ||geo||
020 _a9789994024100
040 _cGE_BSU
041 _ageo
080 _a821.133.1-31 მ-84
100 _aმოპასანი, გი დე
_911762
245 _aლამაზი მეგობარი :
_bრომანი /
_cთარგმ. ფრანგულიდან მიხეილ ჯავახიშვილისა ; რედ. : ნანა სუხიტაშვილი, ნანა მარღიშვილ-ღუდუშაური.
264 _aთბილისი :
_bანბანი,
_c2008.
300 _a279 გვ. ;
_c21 სმ.
541 _h10ლ.
653 _aლამაზი მეგობარი
653 _aრომანი
700 _aჯავახიშვილი, მიხეილ
_eმთარგმნელი
_91373
700 _aსუხიტაშვილი, ნანა
_eრედაქტორი
_95594
700 _aმარღიშვილ-ღუდუშაური, ნანა
_eრედაქტორი
_919228
942 _cBK
_2udc